[Event "BCF-chT2 1011 (4NCL)"]
[Site "England"]
[Date "2010.11.06"]
[Round "1.54"]
[White "Meyer, Gordon"]
[Black "Yeo, Gareth"]
[Result "0-1"]
[WhiteElo "2166"]
[BlackElo "2003"]
[PlyCount "73"]
[EventDate "2010.11.06"]
[EventType "team-swiss"]
[EventRounds "11"]
[EventCountry "ENG"]
[SourceTitle "EXT 2012"]
[Source "ChessBase"]
[SourceDate "2011.11.24"]
[SourceVersion "1"]
[SourceVersionDate "2011.11.24"]
[SourceQuality "1"]
[WhiteTeam "Guildford A&DC II"]
[BlackTeam "Sambuca Black Sheep"]
[WhiteTeamCountry "ENG"]
[BlackTeamCountry "ENG"]

1. Nc3 c5 2. e4 e6 3. Nf3 a6 4. d4 cxd4 5. Nxd4 Nc6 6. Nxc6 bxc6 7. Bd3 Qc7 8. 0-0 Nf6 9. Qe2 d6 10. e5 dxe5 11. b3 Nd5 12. Nxd5 cxd5 13. c4 e4 14. Bc2 Bd6 15. cxd5 Bxh2+ 16. Kh1 Be5 17. dxe6 f5 18. Ba3 Bxa1 19. Rxa1 Bxe6 20. Bxe4 fxe4 21. Qxe4 Kf7 22. Qf3+ Kg6 23. Rc1 Qe5 24. Rc5 Qd4 25. Qh5+ Kf6 26. Qg5+ Kf7 27. Rc7+ Kg8 28. Re7 Qf6 29. Qe3 Bf7 30. Bb2 Qh4+ 31. Kg1 Qh5 32. Qd4 Qg6 33. f4 Re8 34. f5 Qf6 35. Qg4 Qxb2 36. Rxe8+ Bxe8 37. Qc4+ 0-1

[Event "BCF-chT1c 0910 (4NCL) Promotion pool"]
[Site "England"]
[Date "2010.03.28"]
[Round "8.7"]
[White "Hunt, Harriet"]
[Black "Meyer, Gordon"]
[Result "1-0"]
[WhiteElo "2452"]
[BlackElo "2165"]
[PlyCount "91"]
[EventDate "2009.10.24"]
[EventType "team-tourn"]
[EventRounds "4"]
[EventCountry "ENG"]
[SourceTitle "EXT 2011"]
[Source "ChessBase"]
[SourceDate "2010.11.26"]
[SourceVersion "1"]
[SourceVersionDate "2010.11.26"]
[SourceQuality "1"]
[WhiteTeam "Pride and Prejudice"]
[BlackTeam "Guildford"]
[WhiteTeamCountry "ENG"]
[BlackTeamCountry "ENG"]

1. e4 c5 2. Nf3 d6 3. d4 cxd4 4. Nxd4 Nf6 5. Nc3 a6 6. Be2 e5 7. Nb3 Be7 8. Bg5 Be6 9. Bxf6 Bxf6 10. Qd3 Nc6 11. 0-0-0 Nd4 12. Nxd4 exd4 13. Nd5 Bxd5 14. exd5 0-0 15. Qf3 Re8 16. Bd3 Re5 17. Kb1 Qe7 18. g4 Re8 19. a3 b5 20. h4 Qb7 21. g5 Bd8 22. Qh5 g6 23. Qg4 Qxd5 24. f4 R5e7 25. h5 Qe6 26. f5 gxf5 27. Bxf5 Qe2 28. Qxd4 Re5 29. Bd7 Rf8 30. Qxd6 Be7 31. Qxa6 Rc5 32. Rc1 Bxg5 33. Rhg1 Qe7 34. Bxb5 Kh8 35. Rce1 Qd8 36. Bd3 Qd5 37. Qa4 h6 38. Re8 Rc8 39. Rxc8 Rxc8 40. Rf1 f6 41. Qa7 Qg8 42. Bf5 Ra8 43. Qb7 Be3 44. Rd1 Ra7 45. Qc6 Bd4 46. Be6 1-0

[Event "BCF-chT1b 0910 (4NCL)"]
[Site "England"]
[Date "2010.03.27"]
[Round "7.7"]
[White "Meyer, Gordon"]
[Black "Hutchinson, Norman A"]
[Result "1-0"]
[WhiteElo "2165"]
[BlackElo "2092"]
[PlyCount "45"]
[EventDate "2009.10.24"]
[EventType "team-tourn"]
[EventRounds "7"]
[EventCountry "ENG"]
[SourceTitle "EXT 2011"]
[Source "ChessBase"]
[SourceDate "2010.11.26"]
[SourceVersion "1"]
[SourceVersionDate "2010.11.26"]
[SourceQuality "1"]
[WhiteTeam "Guildford"]
[BlackTeam "Poisoned Pawns"]
[WhiteTeamCountry "ENG"]
[BlackTeamCountry "ENG"]

1. e4 c6 2. c4 d5 3. exd5 cxd5 4. cxd5 Nf6 5. Nc3 Nxd5 6. Nf3 Nc6 7. Bb5 e6 8. 0-0 Bd6 9. Qa4 Bd7 10. Nxd5 exd5 11. Re1+ Kf8 12. b3 a6 13. Ba3 Qf6 14. Bxc6 Bxc6 15. Bxd6+ Qxd6 16. Qh4 h6 17. Re3 g5 18. Nxg5 Rg8 19. Ne6+ fxe6 20. Qf6+ Ke8 21. Rxe6+ Qxe6 22. Qxe6+ Kf8 23. Qf6+ 1-0

[Event "BCF-chT1a 0809 (4NCL)"]
[Site "England"]
[Date "2009.03.21"]
[Round "7.7"]
[White "Pickard, Charles W"]
[Black "Meyer, Gordon"]
[Result "0-1"]
[WhiteElo "2207"]
[BlackElo "2160"]
[PlyCount "58"]
[EventDate "2008.10.04"]
[EventType "team-tourn"]
[EventRounds "7"]
[EventCountry "ENG"]
[SourceTitle "EXT 2010"]
[Source "ChessBase"]
[SourceDate "2010.11.25"]
[SourceVersion "1"]
[SourceVersionDate "2010.11.25"]
[SourceQuality "1"]
[WhiteTeam "Cambridge"]
[BlackTeam "Richmond"]
[WhiteTeamCountry "ENG"]
[BlackTeamCountry "ENG"]

1. Nf3 Nf6 2. c4 g6 3. g3 Bg7 4. Bg2 0-0 5. 0-0 d6 6. d4 a6 7. Nc3 Nc6 8. h3 Rb8 9. Be3 b5 10. d5 Na5 11. cxb5 axb5 12. Nd4 Bd7 13. b4 Nc4 14. Qd3 e5 15. dxe6 fxe6 16. Bg5 Qe8 17. Rab1 Kh8 18. Bxf6 Bxf6 19. Ne4 Bg7 20. h4 Ra8 21. Nc3 Ra3 22. Rb3 Ra6 23. e3 e5 24. Nf3 e4 25. Nxe4 Bf5 26. Nd4 Bxe4 27. Bxe4 Rxa2 28. Bd5 Qe5 29. f4 Qxd5 0-1